000 00857cam a22001934a 4500
005 20250605163948.0
008 250528s ||||||||||||||||||||||||d
035 _a15266
040 _aGR-AtMCL
_bgre
_dGR-AtMCL
_eAACR2
245 1 _aIntroduction Au Controle De Gestion
260 _c1972
300 _a370
520 _aIntroduction, Definitions et Principles de la Comptabilite - Le Bilan, Definitions et Principles de la Comptabilite Generale - Le Compte d'Exploitation et le Compte Pertes et Profits, Debit-Credit - Les Livres Comptable - Les Systems Compatables - Compabilisation, Aspect Comptables - Compabilisation, Aspect Comptable de Salaires et Charges Sociales de L'Entreprise, Etude et Evaluation des Investissements.
700 1 _aDunod
_91160
700 1 _aVigneron Maurice Jean
_91161
942 _cBK
999 _c859
_d859